[Event "DEM U10 2021"]
[Site "Willingen GER"]
[Date "2021.08.26"]
[Round "6"]
[White "Langer, Johann Leander"]
[Black "Fettig, Michel"]
[Result "1/2-1/2"]
[Termination "normal"]
[Board "23"]
[WhiteElo "1047"]
[BlackElo "1297"]
[WhiteClock "00:44:36"]
[BlackClock "00:56:56"]
[PlyCount "64"]
[WhiteFideId "34607463"]
[BlackFideId "34608982"]
[EventCountry "GER"]
[EventRounds "11"]
[EventType "swiss"]
[EventDate "2021.08.22"]

1. e4 {[%clk 01:15:57]} {[%emt 00:00:03]} e6 {[%clk 01:15:53]} {[%emt
00:00:07]} 2. d4 {[%clk 01:16:20]} {[%emt 00:00:07]} d5 {[%clk 01:16:17]}
{[%emt 00:00:05]} 3. exd5 {[%clk 01:16:43]} {[%emt 00:00:08]} exd5 {[%clk
01:16:30]} {[%emt 00:00:18]} 4. Bd3 {[%clk 01:17:06]} {[%emt 00:00:06]} Nf6
{[%clk 01:16:44]} {[%emt 00:00:16]} 5. Bf4 {[%clk 01:17:09]} {[%emt 00:00:27]}
Be7 {[%clk 01:16:23]} {[%emt 00:00:52]} 6. Ne2 {[%clk 01:17:18]} {[%emt
00:00:20]} O-O {[%clk 01:16:28]} {[%emt 00:00:25]} 7. O-O {[%clk 01:17:39]}
{[%emt 00:00:10]} c5 {[%clk 01:16:40]} {[%emt 00:00:17]} 8. c3 {[%clk
01:16:34]} {[%emt 00:01:33]} Nc6 {[%clk 01:16:13]} {[%emt 00:00:59]} 9. b3
{[%clk 01:13:42]} {[%emt 00:03:20]} Qb6 {[%clk 01:15:24]} {[%emt 00:01:21]} 10.
dxc5 {[%clk 01:12:12]} {[%emt 00:01:57]} Bxc5 {[%clk 01:13:55]} {[%emt
00:02:02]} 11. b4 {[%clk 01:11:53]} {[%emt 00:00:50]} Be7 {[%clk 01:13:38]}
{[%emt 00:00:47]} 12. a4 {[%clk 01:11:42]} {[%emt 00:00:38]} Bg4 {[%clk
01:12:26]} {[%emt 00:01:44]} 13. a5 {[%clk 01:10:10]} {[%emt 00:01:59]} Qd8
{[%clk 01:12:05]} {[%emt 00:00:53]} 14. f3 {[%clk 01:10:14]} {[%emt 00:00:27]}
Bh5 {[%clk 01:10:48]} {[%emt 00:01:47]} 15. Re1 {[%clk 01:09:04]} {[%emt
00:01:36]} d4 {[%clk 01:10:28]} {[%emt 00:00:55]} 16. Kh1 {[%clk 01:06:03]}
{[%emt 00:03:28]} dxc3 {[%clk 01:10:19]} {[%emt 00:00:40]} 17. Nbxc3 {[%clk
01:05:16]} {[%emt 00:01:18]} Bxb4 {[%clk 01:10:26]} {[%emt 00:00:24]} 18. Bg5
{[%clk 00:58:34]} {[%emt 00:07:09]} h6 {[%clk 01:07:22]} {[%emt 00:03:36]} 19.
Bxf6 {[%clk 00:58:04]} {[%emt 00:00:58]} Qxf6 {[%clk 01:07:29]} {[%emt
00:00:25]} 20. Nd5 {[%clk 00:57:57]} {[%emt 00:00:35]} Qh4 {[%clk 01:05:31]}
{[%emt 00:02:30]} 21. Nxb4 {[%clk 00:54:12]} {[%emt 00:04:14]} Nxb4 {[%emt
00:01:20]} 22. Ra4 {[%emt 00:00:20]} Nxd3 {[%clk 01:02:13]} {[%emt 00:02:09]}
23. Rxh4 {[%emt 00:00:36]} Nf2+ {[%emt 00:00:07]} 24. Kg1 {[%clk 00:53:30]}
{[%emt 00:00:25]} Nxd1 {[%clk 01:02:34]} {[%emt 00:00:13]} 25. Rxd1 {[%clk
00:52:42]} {[%emt 00:01:15]} Bg6 {[%clk 01:02:45]} {[%emt 00:00:21]} 26. Rd7
{[%clk 00:51:50]} {[%emt 00:01:19]} Rab8 {[%clk 01:02:08]} {[%emt 00:01:09]}
27. Nf4 {[%clk 00:50:09]} {[%emt 00:01:35]} Bf5 {[%clk 01:02:25]} {[%emt
00:00:52]} 28. Rd5 {[%clk 00:49:33]} {[%emt 00:01:02]} Bc2 {[%clk 01:00:27]}
{[%emt 00:02:24]} 29. Nh5 {[%clk 00:48:44]} {[%emt 00:01:22]} Rfd8 {[%clk
00:59:12]} {[%emt 00:01:48]} 30. Re5 {[%clk 00:45:06]} {[%emt 00:04:08]} b5
{[%emt 00:03:00]} 31. axb6 {[%emt 00:00:06]} axb6 {[%clk 00:57:34]} {[%emt
00:00:30]} 32. Rg4 {[%clk 00:44:36]} {[%emt 00:00:52]} g5 {[%clk 00:56:56]}
{[%emt 00:01:09]} 1/2-1/2

[Event "DEM U10 2021"]
[Site "Willingen GER"]
[Date "2021.08.26"]
[Round "6"]
[White "He, Saiqi"]
[Black "Gavrylyuk, Oleksandr"]
[Result "1/2-1/2"]
[Termination "normal"]
[Board "24"]
[WhiteElo "1188"]
[BlackElo "1151"]
[WhiteClock "00:05:08"]
[BlackClock "00:28:05"]
[PlyCount "100"]
[WhiteFideId "16292723"]
[BlackFideId "34609083"]
[EventCountry "GER"]
[EventRounds "11"]
[EventType "swiss"]
[EventDate "2021.08.22"]

1. e4 {[%clk 01:15:58]} {[%emt 00:00:01]} c5 {[%clk 01:15:55]} {[%emt
00:00:05]} 2. Nc3 {[%clk 01:16:13]} {[%emt 00:00:15]} Nc6 {[%clk 01:16:17]}
{[%emt 00:00:09]} 3. g3 {[%clk 01:16:00]} {[%emt 00:00:43]} g6 {[%clk
01:16:14]} {[%emt 00:00:33]} 4. Bg2 {[%clk 01:13:46]} {[%emt 00:02:43]} Bg7
{[%clk 01:16:04]} {[%emt 00:00:40]} 5. d3 {[%clk 01:13:15]} {[%emt 00:01:01]}
d6 {[%clk 01:16:23]} {[%emt 00:00:12]} 6. Be3 {[%clk 01:12:59]} {[%emt
00:00:45]} Rb8 {[%clk 01:16:41]} {[%emt 00:00:11]} 7. Qd2 {[%clk 01:12:42]}
{[%emt 00:00:48]} h5 {[%clk 01:16:41]} {[%emt 00:00:30]} 8. Nf3 {[%clk
01:13:00]} {[%emt 00:00:12]} e6 {[%clk 01:16:52]} {[%emt 00:00:19]} 9. O-O
{[%clk 01:12:07]} {[%emt 00:01:23]} Nge7 {[%clk 01:17:03]} {[%emt 00:00:17]}
10. a3 {[%clk 01:09:52]} {[%emt 00:02:47]} b5 {[%clk 01:15:58]} {[%emt
00:01:36]} 11. Rab1 {[%clk 01:00:34]} {[%emt 00:09:47]} a5 {[%clk 01:13:13]}
{[%emt 00:03:16]} 12. d4 {[%clk 00:43:35]} {[%emt 00:17:29]} O-O {[%clk
01:11:24]} {[%emt 00:02:14]} 13. dxc5 {[%clk 00:42:58]} {[%emt 00:01:11]} dxc5
{[%clk 01:08:25]} {[%emt 00:03:29]} 14. Qxd8 {[%clk 00:42:55]} {[%emt
00:00:34]} Rxd8 {[%clk 01:08:44]} {[%emt 00:00:10]} 15. Bxc5 {[%clk 00:42:14]}
{[%emt 00:01:11]} Ba6 {[%clk 01:07:02]} {[%emt 00:02:10]} 16. Rfe1 {[%clk
00:40:52]} {[%emt 00:01:53]} b4 {[%clk 01:03:04]} {[%emt 00:04:29]} 17. axb4
{[%clk 00:39:03]} {[%emt 00:02:18]} axb4 {[%clk 00:59:06]} {[%emt 00:04:29]}
18. Ne2 {[%clk 00:38:43]} {[%emt 00:00:50]} b3 {[%clk 00:57:07]} {[%emt
00:02:29]} 19. c3 {[%clk 00:36:59]} {[%emt 00:02:13]} Bd3 {[%clk 00:55:25]}
{[%emt 00:02:13]} 20. Rbd1 {[%clk 00:33:32]} {[%emt 00:03:57]} Bxe4 {[%clk
00:54:18]} {[%emt 00:01:36]} 21. Rxd8+ {[%clk 00:29:37]} {[%emt 00:04:26]} Rxd8
{[%clk 00:54:29]} {[%emt 00:00:19]} 22. Ng5 {[%clk 00:26:02]} {[%emt 00:04:04]}
Bd3 {[%clk 00:49:51]} {[%emt 00:05:10]} 23. Nf4 {[%clk 00:25:20]} {[%emt
00:01:11]} Bc4 {[%clk 00:48:26]} {[%emt 00:01:55]} 24. h3 {[%clk 00:24:06]}
{[%emt 00:01:43]} Rd2 {[%clk 00:45:47]} {[%emt 00:03:10]} 25. Re4 {[%clk
00:11:47]} {[%emt 00:12:50]} Bb5 {[%clk 00:42:59]} {[%emt 00:03:17]} 26. Bxe7
{[%clk 00:09:12]} {[%emt 00:03:05]} Nxe7 {[%clk 00:42:48]} {[%emt 00:00:40]}
27. Rb4 {[%clk 00:09:12]} {[%emt 00:00:32]} Bd7 {[%clk 00:38:28]} {[%emt
00:04:50]} 28. Rb7 {[%clk 00:05:43]} {[%emt 00:03:59]} Bh6 {[%clk 00:31:59]}
{[%emt 00:06:58]} 29. Nf3 {[%clk 00:05:15]} {[%emt 00:00:58]} Rxb2 {[%clk
00:29:16]} {[%emt 00:03:14]} 30. Rxd7 {[%clk 00:04:47]} {[%emt 00:00:58]} Rb1+
{[%clk 00:28:26]} {[%emt 00:01:19]} 31. Kh2 {[%clk 00:04:32]} {[%emt 00:00:44]}
Bxf4 {[%clk 00:28:33]} {[%emt 00:00:24]} 32. gxf4 {[%emt 00:00:52]} Nd5 {[%clk
00:28:13]} {[%emt 00:00:10]} 33. Nd2 {[%clk 00:04:07]} {[%emt 00:01:13]} Rb2
{[%clk 00:28:17]} {[%emt 00:00:26]} 34. c4 {[%clk 00:03:07]} {[%emt 00:01:30]}
Rxd2 {[%clk 00:27:37]} {[%emt 00:01:09]} 35. cxd5 {[%clk 00:03:18]} {[%emt
00:00:20]} b2 {[%clk 00:27:43]} {[%emt 00:00:24]} 36. Rb7 {[%clk 00:03:02]}
{[%emt 00:00:45]} exd5 {[%clk 00:27:56]} {[%emt 00:00:17]} 37. Bxd5 {[%clk
00:02:53]} {[%emt 00:00:40]} Rxf2+ {[%clk 00:26:44]} {[%emt 00:01:41]} 38. Kg3
{[%clk 00:02:53]} {[%emt 00:00:30]} Rd2 {[%clk 00:26:57]} {[%emt 00:00:16]} 39.
Bxf7+ {[%clk 00:03:11]} {[%emt 00:00:13]} Kf8 {[%clk 00:27:07]} {[%emt
00:00:21]} 40. Bxg6 {[%clk 00:03:23]} {[%emt 00:00:17]} Rd1 {[%clk 00:27:00]}
{[%emt 00:00:37]} 41. Rxb2 {[%clk 00:03:32]} {[%emt 00:00:21]} Rg1+ {[%emt
00:00:19]} 42. Kh4 {[%emt 00:00:17]} Rxg6 {[%clk 00:26:40]} {[%emt 00:00:14]}
43. Kxh5 {[%clk 00:03:51]} {[%emt 00:00:11]} Rf6 {[%clk 00:26:50]} {[%emt
00:00:17]} 44. Kg5 {[%clk 00:04:02]} {[%emt 00:00:22]} Ra6 {[%clk 00:26:29]}
{[%emt 00:00:50]} 45. f5 {[%clk 00:04:11]} {[%emt 00:00:23]} Ra3 {[%clk
00:26:38]} {[%emt 00:00:20]} 46. h4 {[%clk 00:04:05]} {[%emt 00:00:35]} Rg3+
{[%clk 00:26:54]} {[%emt 00:00:13]} 47. Kf6 {[%clk 00:04:21]} {[%emt 00:00:15]}
Ke8 {[%clk 00:27:12]} {[%emt 00:00:12]} 48. h5 {[%clk 00:04:26]} {[%emt
00:00:26]} Rh3 {[%clk 00:27:27]} {[%emt 00:00:15]} 49. Kg6 {[%clk 00:04:51]}
{[%emt 00:00:06]} Rg3+ {[%clk 00:27:48]} {[%emt 00:00:07]} 50. Kh6 {[%clk
00:05:08]} {[%emt 00:00:14]} Kf7 {[%clk 00:28:05]} {[%emt 00:00:14]} 1/2-1/2

[Event "DEM U10 2021"]
[Site "Willingen GER"]
[Date "2021.08.26"]
[Round "6"]
[White "Grebita, Magnus"]
[Black "Krüger, Moritz"]
[Result "0-1"]
[Termination "normal"]
[Board "25"]
[WhiteElo "977"]
[BlackElo "1187"]
[WhiteClock "00:46:25"]
[BlackClock "00:48:56"]
[PlyCount "68"]
[WhiteFideId "34608958"]
[BlackFideId "34608923"]
[EventCountry "GER"]
[EventRounds "11"]
[EventType "swiss"]
[EventDate "2021.08.22"]

1. e4 {[%clk 01:15:48]} {[%emt 00:00:10]} e6 {[%clk 01:15:54]} {[%emt
00:00:07]} 2. d4 {[%clk 01:16:01]} {[%emt 00:00:16]} d5 {[%clk 01:16:18]}
{[%emt 00:00:07]} 3. e5 {[%clk 01:16:05]} {[%emt 00:00:24]} c5 {[%clk
01:16:20]} {[%emt 00:00:30]} 4. c3 {[%clk 01:16:08]} {[%emt 00:00:27]} Nc6
{[%clk 01:16:40]} {[%emt 00:00:10]} 5. Nf3 {[%clk 01:16:23]} {[%emt 00:00:15]}
Qb6 {[%clk 01:16:09]} {[%emt 00:01:01]} 6. a3 {[%clk 01:14:49]} {[%emt
00:02:05]} Bd7 {[%clk 01:15:00]} {[%emt 00:01:35]} 7. b4 {[%clk 01:14:19]}
{[%emt 00:01:02]} cxd4 {[%clk 01:12:07]} {[%emt 00:03:24]} 8. cxd4 {[%clk
01:14:19]} {[%emt 00:00:31]} Rc8 {[%clk 01:12:00]} {[%emt 00:00:36]} 9. Bb2
{[%clk 01:08:03]} {[%emt 00:06:45]} Na5 {[%clk 01:09:06]} {[%emt 00:03:24]} 10.
Nc3 {[%clk 01:05:49]} {[%emt 00:02:38]} Nc4 {[%clk 01:08:53]} {[%emt 00:00:49]}
11. Bxc4 {[%clk 01:03:00]} {[%emt 00:03:18]} Rxc4 {[%clk 01:04:30]} {[%emt
00:04:55]} 12. Qb3 {[%clk 01:02:29]} {[%emt 00:01:00]} Bxb4 {[%clk 01:00:54]}
{[%emt 00:04:07]} 13. axb4 {[%clk 01:01:29]} {[%emt 00:01:30]} Rxb4 {[%clk
01:00:47]} {[%emt 00:00:36]} 14. Qd1 {[%clk 00:59:11]} {[%emt 00:02:41]} Rxb2
{[%clk 01:00:28]} {[%emt 00:00:56]} 15. O-O {[%clk 00:58:18]} {[%emt 00:01:01]}
Ne7 {[%clk 00:59:32]} {[%emt 00:01:47]} 16. Na4 {[%clk 00:58:23]} {[%emt
00:00:28]} Bxa4 {[%clk 00:59:47]} {[%emt 00:00:15]} 17. Qxa4+ {[%clk 00:58:48]}
{[%emt 00:00:05]} Nc6 {[%clk 01:00:01]} {[%emt 00:00:14]} 18. h3 {[%clk
00:54:11]} {[%emt 00:05:07]} O-O {[%clk 01:00:01]} {[%emt 00:00:29]} 19. Rfd1
{[%clk 00:53:27]} {[%emt 00:01:15]} Qb4 {[%clk 00:59:48]} {[%emt 00:00:43]} 20.
Qxb4 {[%clk 00:53:16]} {[%emt 00:00:24]} Rxb4 {[%clk 00:59:55]} {[%emt
00:00:40]} 21. Kh2 {[%emt 00:01:52]} h6 22. g4 {[%clk 00:52:33]} {[%emt
00:00:08]} a6 {[%clk 00:59:12]} {[%emt 00:01:24]} 23. Kg3 {[%clk 00:51:33]}
{[%emt 00:01:31]} Rc8 {[%clk 00:58:30]} {[%emt 00:01:11]} 24. h4 {[%clk
00:51:09]} {[%emt 00:00:56]} Ne7 {[%clk 00:55:15]} {[%emt 00:03:42]} 25. g5
{[%clk 00:51:22]} {[%emt 00:00:20]} h5 {[%clk 00:55:08]} {[%emt 00:00:35]} 26.
g6 {[%clk 00:50:43]} {[%emt 00:01:11]} Nxg6 {[%clk 00:54:47]} {[%emt 00:00:50]}
27. Ng5 {[%clk 00:50:57]} {[%emt 00:00:18]} Ne7 {[%clk 00:54:45]} {[%emt
00:00:29]} 28. Kf4 {[%clk 00:51:11]} {[%emt 00:00:18]} g6 {[%clk 00:54:46]}
{[%emt 00:00:27]} 29. Ra2 {[%clk 00:50:45]} {[%emt 00:00:59]} Rcc4 {[%clk
00:54:30]} {[%emt 00:00:45]} 30. Nf3 {[%clk 00:46:55]} {[%emt 00:04:21]} Nf5
{[%clk 00:54:29]} {[%emt 00:00:28]} 31. Rad2 {[%clk 00:47:05]} {[%emt
00:00:16]} a5 {[%clk 00:49:12]} {[%emt 00:01:38]} 32. Ne1 {[%clk 00:46:54]}
{[%emt 00:04:53]} Rxd4+ {[%clk 00:48:58]} {[%emt 00:00:47]} 33. Rxd4 {[%emt
00:00:16]} Rxd4+ {[%emt 00:00:09]} 34. Rxd4 {[%clk 00:46:25]} {[%emt 00:00:06]}
Nxd4 {[%clk 00:48:56]} 0-1

[Event "DEM U10 2021"]
[Site "Willingen GER"]
[Date "2021.08.26"]
[Round "6"]
[White "Heitmann, Erik"]
[Black "Schröder, Hannes Artur"]
[Result "1-0"]
[Termination "normal"]
[Board "26"]
[WhiteElo "1262"]
[BlackElo "961"]
[WhiteClock "01:09:40"]
[BlackClock "00:52:53"]
[PlyCount "97"]
[WhiteFideId "34608940"]
[BlackFideId "34608818"]
[EventCountry "GER"]
[EventRounds "11"]
[EventType "swiss"]
[EventDate "2021.08.22"]

1. d4 {[%clk 01:15:58]} d5 {[%clk 01:15:51]} {[%emt 00:00:11]} 2. Bf4 {[%clk
01:16:15]} {[%emt 00:00:12]} Bf5 {[%clk 01:16:13]} {[%emt 00:00:08]} 3. Nc3
{[%clk 01:16:24]} {[%emt 00:00:22]} e6 {[%clk 01:16:32]} {[%emt 00:00:10]} 4.
Nb5 {[%clk 01:15:56]} {[%emt 00:00:58]} Na6 {[%clk 01:16:31]} {[%emt 00:00:32]}
5. a3 {[%clk 01:16:18]} {[%emt 00:00:07]} c6 {[%clk 01:16:39]} {[%emt
00:00:21]} 6. Nc3 {[%clk 01:16:28]} {[%emt 00:00:20]} Nf6 {[%clk 01:16:52]}
{[%emt 00:00:19]} 7. f3 {[%clk 01:16:24]} {[%emt 00:00:34]} Be7 {[%clk
01:16:33]} {[%emt 00:00:49]} 8. g4 {[%clk 01:16:29]} {[%emt 00:00:25]} Bg6
{[%clk 01:16:02]} {[%emt 00:01:01]} 9. h4 {[%clk 01:16:44]} {[%emt 00:00:14]}
h5 {[%clk 01:14:30]} {[%emt 00:02:03]} 10. g5 {[%emt 00:00:34]} Nd7 {[%clk
01:14:27]} {[%emt 00:00:07]} 11. Qd2 {[%clk 01:17:19]} {[%emt 00:00:16]} c5
{[%clk 01:12:38]} {[%emt 00:02:20]} 12. e3 {[%clk 01:17:29]} {[%emt 00:00:18]}
cxd4 {[%clk 01:12:03]} {[%emt 00:01:07]} 13. Qxd4 {[%clk 01:16:44]} {[%emt
00:01:14]} f6 {[%clk 01:11:01]} {[%emt 00:01:32]} 14. Qd2 {[%clk 01:15:58]}
{[%emt 00:01:14]} Qa5 {[%clk 01:09:45]} {[%emt 00:01:46]} 15. Bd3 {[%clk
01:15:39]} {[%emt 00:00:52]} Bxd3 {[%clk 01:09:12]} {[%emt 00:01:02]} 16. Qxd3
{[%clk 01:15:55]} {[%emt 00:00:12]} f5 {[%clk 01:08:13]} {[%emt 00:01:32]} 17.
Nh3 {[%clk 01:14:42]} {[%emt 00:01:41]} g6 {[%clk 01:07:54]} {[%emt 00:00:50]}
18. Bg3 {[%clk 01:14:08]} {[%emt 00:01:04]} Nb4 {[%clk 01:07:37]} {[%emt
00:00:48]} 19. Qd1 {[%clk 01:12:49]} {[%emt 00:01:49]} Na6 {[%clk 01:03:52]}
{[%emt 00:04:15]} 20. Nf4 {[%clk 01:12:34]} {[%emt 00:00:44]} Bd6 {[%clk
01:03:04]} {[%emt 00:01:17]} 21. O-O {[%clk 01:11:22]} {[%emt 00:01:42]} Qb6
{[%clk 01:02:08]} {[%emt 00:01:26]} 22. Qd4 {[%clk 01:10:54]} {[%emt 00:00:57]}
Qxd4 {[%clk 01:00:21]} {[%emt 00:02:19]} 23. exd4 {[%clk 01:11:06]} {[%emt
00:00:18]} Nc7 {[%clk 00:59:14]} {[%emt 00:01:37]} 24. Nxg6 {[%clk 01:11:09]}
{[%emt 00:00:27]} Bxg3 {[%clk 00:58:30]} {[%emt 00:01:13]} 25. Nxh8 {[%clk
01:11:14]} {[%emt 00:00:26]} Bxh4 {[%clk 00:58:41]} {[%emt 00:00:19]} 26. f4
{[%clk 01:11:23]} {[%emt 00:00:21]} Bg3 {[%clk 00:58:07]} {[%emt 00:01:03]} 27.
Ne2 {[%clk 01:11:02]} {[%emt 00:00:51]} O-O-O {[%clk 00:57:57]} {[%emt
00:00:41]} 28. Nf7 {[%clk 01:10:44]} {[%emt 00:00:48]} Rf8 {[%clk 00:57:24]}
{[%emt 00:01:00]} 29. Nd6+ {[%clk 01:11:01]} {[%emt 00:00:17]} Kb8 {[%clk
00:57:29]} {[%emt 00:00:23]} 30. Nxg3 {[%clk 01:11:11]} {[%emt 00:00:22]} h4
{[%clk 00:57:31]} {[%emt 00:00:28]} 31. Ne2 {[%clk 01:10:58]} {[%emt 00:00:42]}
Rg8 {[%clk 00:57:17]} {[%emt 00:00:42]} 32. Nf7 {[%clk 01:10:28]} {[%emt
00:01:01]} Nf6 {[%clk 00:57:21]} {[%emt 00:00:28]} 33. Ne5 {[%clk 01:10:19]}
{[%emt 00:00:39]} Ng4 {[%clk 00:56:57]} {[%emt 00:00:53]} 34. Nxg4 {[%clk
01:10:26]} {[%emt 00:00:22]} fxg4 {[%clk 00:57:18]} {[%emt 00:00:11]} 35. Kg2
{[%clk 01:10:35]} {[%emt 00:00:21]} a6 {[%clk 00:56:56]} {[%emt 00:00:50]} 36.
Rh1 {[%clk 01:10:05]} {[%emt 00:01:00]} Rh8 {[%clk 00:56:42]} {[%emt 00:00:43]}
37. Ng3 {[%clk 01:10:04]} {[%emt 00:00:32]} Nb5 {[%clk 00:56:32]} {[%emt
00:00:42]} 38. c3 {[%clk 01:10:10]} {[%emt 00:00:24]} Nd6 {[%clk 00:56:34]}
{[%emt 00:00:28]} 39. g6 {[%clk 01:10:23]} {[%emt 00:00:17]} Ne8 {[%clk
00:56:36]} {[%emt 00:00:25]} 40. Rae1 {[%clk 01:10:31]} {[%emt 00:00:24]} Kc7
{[%clk 00:56:14]} {[%emt 00:00:52]} 41. Rxe6 {[%clk 01:10:44]} {[%emt
00:00:18]} Kd7 {[%clk 00:56:23]} {[%emt 00:00:20]} 42. Re5 {[%clk 01:10:11]}
{[%emt 00:01:03]} h3+ {[%clk 00:55:49]} {[%emt 00:01:03]} 43. Kf2 {[%clk
01:09:47]} {[%emt 00:00:53]} Rf8 {[%clk 00:54:23]} {[%emt 00:01:58]} 44. Rxd5+
{[%clk 01:09:24]} {[%emt 00:00:53]} Kc7 {[%clk 00:53:50]} {[%emt 00:01:02]} 45.
Rf5 {[%clk 01:09:38]} {[%emt 00:00:16]} Rg8 {[%clk 00:53:24]} {[%emt 00:00:34]}
46. Rf7+ {[%clk 01:09:36]} {[%emt 00:00:55]} Kd6 {[%clk 00:53:24]} {[%emt
00:00:28]} 47. Re1 {[%clk 01:09:25]} {[%emt 00:00:42]} b5 {[%clk 00:52:52]}
{[%emt 00:01:03]} 48. Nf5+ {[%clk 01:09:18]} {[%emt 00:00:37]} Kd5 {[%clk
00:52:53]} {[%emt 00:00:25]} 49. Ne7+ {[%clk 01:09:40]} {[%emt 00:00:12]} 1-0